[Event "Green Bay Packers Super Bowl XLV Champ Tourney"]
[Site "SchemingMind.com"]
[Date "2011.03.09"]
[Round "-"]
[White "jtrochez1"]
[Black "Mitch The Man"]
[Result "1-0"]
[WhiteCountry "HON"]
[BlackCountry "USA"]
[WhiteElo "1606"]
[WhiteRD "52"]
[BlackElo "1380"]
[BlackRD "62"]
[GameID "277966"]

1. e4 e5 2. Bc4 c6 3. d4 Qe7 4. d5 b5 5. Be2 Qd6 6. dxc6 Qxc6 7. Bf3 h6 8. Nc3 a6 9. Nd5 Ne7 10. Ne2 Nxd5
11. exd5 Qf6 12. Be3 d6 13. c3 Nd7 14. Ng3 Be7 15. Ne4 Qg6 16. b4 O-O 17. Ng3 Nf6 18. O-O Kh8 19. Be2 Bb7 20. c4 bxc4
21. Bxc4 Bd8 22. f3 Bc8 23. Bd3 e4 24. fxe4 Bg4 25. Qd2 Re8 26. e5 Ne4 27. Bxe4 f5 28. Nxf5 Rxe5 29. Ng3 Qe8 30. Bxh6 Bg5
31. Bxg5 Rxg5 32. Qxg5 Be2 33. Qh4+
1-0

[Event "Green Bay Packers Super Bowl XLV Champ Tourney"]
[Site "SchemingMind.com"]
[Date "2011.03.10"]
[Round "-"]
[White "cnile"]
[Black "Mitch The Man"]
[Result "1-0"]
[WhiteCountry "SCO"]
[BlackCountry "USA"]
[WhiteElo "1459"]
[WhiteRD "63"]
[BlackElo "1380"]
[BlackRD "62"]
[GameID "277967"]

1. d4 d5 2. Nf3 Nc6 3. c4 e6 4. Nc3 dxc4 5. e3 Bb4 6. Bxc4 Bxc3+ 7. bxc3 a6 8. O-O Nge7 9. Re1 O-O 10. e4 Na5
11. Bd3 Bd7 12. e5 Nd5 13. Ng5 g6 14. h4 b6 15. Ne4 b5 16. Bd2 Qxh4 17. Bg5 Qh5 18. Qd2 Nc6 19. Be2
1-0

[Event "Green Bay Packers Super Bowl XLV Champ Tourney"]
[Site "SchemingMind.com"]
[Date "2011.03.10"]
[Round "-"]
[White "Timaeus"]
[Black "Mitch The Man"]
[Result "1-0"]
[WhiteCountry "JPN"]
[BlackCountry "USA"]
[WhiteElo "1398"]
[WhiteRD "68"]
[BlackElo "1380"]
[BlackRD "62"]
[GameID "277968"]

1. e4 e5 2. Nc3 c6 3. Nf3 h6 4. Nxe5 d6 5. Nxf7 Kxf7 6. Bc4+ Be6 7. Bxe6+ Kxe6 8. d4 Kd7 9. e5 Qe8 10. O-O Qe6
11. Re1 d5 12. a3 g6 13. Ne2 Be7 14. Nf4 Qf5 15. e6+ Kc8 16. b4 Nf6 17. f3 g5 18. Re5 Qh7 19. Nd3 Na6 20. Bd2 Bd6
21. Re3 b5 22. c3 Be7 23. Qf1 Rf8 24. h3 Rb8 25. Be1 Ne8 26. Ne5 Rb7 27. Nxc6 Nd6 28. Bg3 Nf5 29. Nxe7+ Nxe7 30. Bd6 h5
31. Rae1 Re8 32. Re5 Nc6 33. Rxd5 Qg6 34. Rxb5 Rxe6 35. Rxg5 Qf7 36. Rxe6 Qxe6 37. d5 Qxd6 38. Qxa6 Qd7 39. dxc6 Qd1+ 40. Kh2 Qd6+
41. f4 Qxf4+ 42. g3 Qf2+= 43. Kh1 Qf3+ 44. Kg1 Qe3+ 45. Kf1 Qf3+= 46. Ke1 Qxc3+ 47. Ke2 Qc2+ 48. Kf3 Qc3+ 49. Kf4 Qf6+ 50. Ke4 Qe6+
51. Re5 Qg6+ 52. Kd4 Qd6+ 53. Rd5 Qf6+ 54. Kc4 Qf1+ 55. Rd3 Qf7+ 56. Kc3 Qf6+ 57. Kb3 Qe6+ 58. Ka4
1-0

[Event "Green Bay Packers Super Bowl XLV Champ Tourney"]
[Site "SchemingMind.com"]
[Date "2011.03.11"]
[Round "-"]
[White "BigDaddy"]
[Black "Mitch The Man"]
[Result "1/2-1/2"]
[WhiteCountry "AUT"]
[BlackCountry "USA"]
[WhiteElo "1393"]
[WhiteRD "64"]
[BlackElo "1425"]
[BlackRD "62"]
[GameID "277969"]

1. e4 e6 2. d4 d5 3. e5 Bd7 4. Nf3 h6 5. Nc3 Ne7 6. Bd3 g6 7. O-O Bg7 8. Be3 O-O 9. Qd2 c6 10. h3 Kh7
11. g4 Qa5 12. a3 b5 13. b4 Qc7 14. Rfe1 Na6 15. g5 h5 16. h4 Rab8 17. Bf4 Nc8 18. a4 Rb7 19. axb5 Nxb4 20. Qe2 Nxd3
21. Qxd3 cxb5 22. Rab1 a6 23. Kg2 Ne7 24. Na2 Nf5 25. Nb4 Rb6 26. c3 a5 27. Nc2 Rfb8 28. Kh3 Qc8 29. Rb2 Bc6=
1/2-1/2

[Event "Green Bay Packers Super Bowl XLV Champ Tourney"]
[Site "SchemingMind.com"]
[Date "2011.03.09"]
[Round "-"]
[White "lennart"]
[Black "Mitch The Man"]
[Result "1-0"]
[WhiteCountry "SWE"]
[BlackCountry "USA"]
[WhiteElo "1528"]
[WhiteRD "55"]
[BlackElo "1334"]
[BlackRD "62"]
[GameID "277970"]

1. e4 e6 2. d4 f6 3. Nf3 Ne7 4. Bc4 d5 5. exd5 exd5 6. Bb3 g6 7. O-O c6 8. c3 Bg7 9. Re1 O-O 10. Ba4 Kh8
11. b3 Bd7 12. Ba3 Rf7 13. Nbd2 b5 14. Bxb5 cxb5 15. Rc1 Nec6 16. c4 b4 17. Bb2 Re7 18. Rf1 dxc4 19. Nxc4 Bh6 20. Rc2 Bf5
21. Re2 Rxe2 22. Qxe2 Na6 23. h3 Bg7 24. Rd1 h6 25. h4 Qe7 26. Qd2 Kh7 27. d5 Rd8 28. Re1 Qb7 29. d6 Nc5 30. h5 Ne4
31. Qd5 Qd7 32. Kf1 Be6 33. Qxe4 Bf5 34. hxg6+ Bxg6 35. Qf4 Bd3+ 36. Kg1 Bxc4 37. bxc4 Rf8 38. c5 Re8 39. Rd1 a5 40. Nd2 Ne5
41. Ne4 Rf8 42. Nxf6+ Rxf6 43. Qxe5 Rf7 44. Qe4+ Kg8 45. c6 Qa7 46. Bd4 Bxd4 47. Rxd4
1-0

[Event "Green Bay Packers Super Bowl XLV Champ Tourney"]
[Site "SchemingMind.com"]
[Date "2011.03.09"]
[Round "-"]
[White "PeterLiberty"]
[Black "Mitch The Man"]
[Result "1-0"]
[WhiteCountry "USA"]
[BlackCountry "USA"]
[WhiteElo "1512"]
[WhiteRD "61"]
[BlackElo "1334"]
[BlackRD "62"]
[GameID "277971"]

1. e4 e5 2. Nf3 f6 3. d4 Qe7 4. Nc3 a6 5. Bc4 c6 6. O-O Nh6 7. Bxh6 gxh6 8. d5 d6 9. dxc6 bxc6 10. Qd3 Be6
11. Bxe6 Qxe6 12. Rad1 Be7 13. Nh4 Kd7 14. Nf5 Bf8 15. b3 Ra7 16. Na4 Kc7 17. c4 Nd7 18. a3 Rg8 19. g3 a5 20. Kh1 Rb7
21. Rg1 h5 22. h4 h6 23. f3 Rb8 24. g4 Rg6 25. Qc3 Ra8 26. b4 axb4 27. Qxb4 d5 28. c5 Nxc5 29. Qb6+ Kd7 30. Nxc5+ Bxc5
31. Qxc5 Ra6 32. exd5 cxd5 33. Rxd5+ Ke8 34. Qb5+ Rc6 35. Nd6+
1-0

[Event "Green Bay Packers Super Bowl XLV Champ Tourney"]
[Site "SchemingMind.com"]
[Date "2011.03.11"]
[Round "-"]
[White "Olli Ylönen"]
[Black "Mitch The Man"]
[Result "0-1"]
[WhiteCountry "FIN"]
[BlackCountry "USA"]
[WhiteElo "1607"]
[WhiteRD "51"]
[BlackElo "1380"]
[BlackRD "62"]
[GameID "277972"]

1. e4 c6 2. d4 e6 3. Nf3 Be7 4. Bd3 h6 5. Nc3 Nf6 6. e5 Nd5 7. Nxd5 cxd5 8. O-O O-O 9. c4 d6 10. cxd5 exd5
11. Bf4 dxe5 12. dxe5 a6 13. a3 Be6 14. Nd4 Bd7 15. Qb3 Bc8 16. Nf5 Bxf5 17. Bxf5 b6 18. Rfd1 d4 19. Rd3 Kh8 20. Rad1 Bc5
21. Be3 Nc6 22. Be4 Rc8 23. h3 Nxe5 24. Bxd4 Nxd3 25. Bxg7+ Kxg7 26. Rxd3 Qf6 27. Qd1 Qxf2+ 28. Kh1 Qxb2 29. Qg4+ Kh8 30. Qf5 Qc1+
31. Kh2 Bg1+ 32. Kg3 Qe1+ 33. Kg4 Qe2+ 34. Kf4 Bh2+ 35. g3 Qf2+ 36. Rf3 Bxg3+ 37. Kg4 Rg8+ 38. Kh5 Rg5+
0-1

[Event "Green Bay Packers Super Bowl XLV Champ Tourney"]
[Site "SchemingMind.com"]
[Date "2011.03.09"]
[Round "-"]
[White "badpawn"]
[Black "Mitch The Man"]
[Result "1-0"]
[WhiteCountry "SWE"]
[BlackCountry "USA"]
[WhiteElo "1705"]
[WhiteRD "66"]
[BlackElo "1425"]
[BlackRD "62"]
[GameID "277973"]

1. c4 e5 2. Nc3 c6 3. g3 Bd6 4. Bg2 Ne7 5. e4 O-O 6. d3 a6 7. Nge2 h6 8. O-O b6 9. f4 exf4 10. Nxf4 Bxf4
11. Bxf4 d6 12. Rc1 Ng6 13. Be3 Ne5 14. b3 Bg4 15. Qd2 Kh7 16. d4 Ned7 17. Bf4 Qe7 18. Rce1 g5 19. Be3 f6 20. e5 dxe5
21. d5 c5 22. d6 Qe6 23. Bxa8 Bh3 24. Bd5 Qe8 25. Bg2 Bxg2 26. Kxg2 Qe6 27. a3 Kg7 28. Qd5 Qxd5+ 29. Nxd5 Nc6 30. b4 Kh8
31. Bg1 Rf7 32. b5 axb5 33. cxb5 Na5 34. Nxb6 Nxb6 35. Bxc5 Nd5 36. Rxe5
1-0

[Event "Green Bay Packers Super Bowl XLV Champ Tourney"]
[Site "SchemingMind.com"]
[Date "2011.03.09"]
[Round "-"]
[White "pclaxton"]
[Black "Mitch The Man"]
[Result "0-1"]
[WhiteCountry "ENG"]
[BlackCountry "USA"]
[WhiteElo "1351"]
[WhiteRD "57"]
[BlackElo "1380"]
[BlackRD "62"]
[GameID "277974"]

1. e4 e5 2. Nf3 Nc6 3. d3 f6 4. c4 Bc5 5. Be3 Bxe3 6. fxe3 Nge7 7. d4 O-O 8. d5 Nb8 9. Nc3 d6 10. g3 a6
11. Qb3 Bg4 12. Nh4 b6 13. Be2 Bxe2 14. Kxe2 Nd7 15. Rhf1 Nc5 16. Qd1 Qd7 17. b4 Qg4+ 18. Rf3 Nxe4 19. Nxe4 Qxe4 20. Qb3 Qg4
21. Rh1 e4 22. h3 exf3+ 23. Kf2 Qe4 24. Nxf3 Nf5 25. g4 Nxe3 26. Qxe3 Qxc4 27. a3 Rae8 28. Qd2 Qb5 29. Rg1 Re7 30. g5 Rfe8
31. Nd4 Qxd5 32. Rd1 Qe5 33. Re1 Qh2+ 34. Kf1 Qxd2 35. Rxe7 Rxe7 36. Nf3 Qe2+ 37. Kg1 Qxf3 38. gxf6 Re1+ 39. Kh2 Rh1#
0-1